اللوحات المصورة بالمتحف القبطي : (الأيقونات)

محفوظ في:

المؤلف الرئيسي: عوض الله، فيكتور جرجس, لبيب، باهور،.

التنسيق: كتاب

اللغة: Undetermined

منشور في: Cairo : alhyyt aleamat lshwwn almatabie alamyryt, , 1965.

الموضوعات:

الوسوم: إضافة وسم

لا توجد وسوم, كن أول من يضع وسما على هذه التسجيلة!

رقم الطلب: N3825 .A59

LEADER 00629nam a2200169Ia 4500
008 240329s9999||||xx |||||||||||||| ||und||
050 4 |a N3825 .A59 
100 1 |a عوض الله، فيكتور جرجس, لبيب، باهور،. 
245 1 0 |a اللوحات المصورة بالمتحف القبطي : (الأيقونات)   |c عوض الله، فيكتور جرجس, لبيب، باهور، 
264 1 |a Cairo :  |b alhyyt aleamat lshwwn almatabie alamyryt, ,  |c 1965. 
300 |a 72  |b 87 ICON  |c 24 CM 
650 |a ARCHAEOLOGY 
650 |a Coptic Museum 
650 |a EGYPT 
650 |a EGYPTION MUSEUMS 
942 |2 lcc  |c BK 
999 |c 57626  |d 57626